<?xml version="1.0" encoding="UTF-8"?>
<marc:record xmlns:marc="http://www.loc.gov/MARC21/slim">
   <marc:leader>00000nam a2200000 a 4500</marc:leader>
   <marc:datafield ind1=" " ind2=" " tag="653">
      <marc:subfield code="a">Zeitschrift</marc:subfield>
   </marc:datafield>
   <marc:datafield ind1=" " ind2=" " tag="653">
      <marc:subfield code="a">Deko</marc:subfield>
   </marc:datafield>
   <marc:datafield ind1=" " ind2=" " tag="653">
      <marc:subfield code="a">Wohnen</marc:subfield>
   </marc:datafield>
   <marc:datafield ind1=" " ind2=" " tag="653">
      <marc:subfield code="a">Einrichtung</marc:subfield>
   </marc:datafield>
   <marc:datafield ind1=" " ind2=" " tag="653">
      <marc:subfield code="a">Weihnachten</marc:subfield>
   </marc:datafield>
   <marc:datafield ind1=" " ind2=" " tag="653">
      <marc:subfield code="a">Weihnachten / Dekoration</marc:subfield>
   </marc:datafield>
   <marc:datafield ind1=" " ind2=" " tag="653">
      <marc:subfield code="a">New York</marc:subfield>
   </marc:datafield>
   <marc:datafield ind1=" " ind2=" " tag="653">
      <marc:subfield code="a">Weihnachten / Kochen</marc:subfield>
   </marc:datafield>
   <marc:datafield ind1=" " ind2=" " tag="653">
      <marc:subfield code="a">Garten</marc:subfield>
   </marc:datafield>
   <marc:datafield ind1=" " ind2=" " tag="653">
      <marc:subfield code="a">Geschenke</marc:subfield>
   </marc:datafield>
   <marc:datafield ind1="0" ind2="0" tag="245">
      <marc:subfield code="a">Living at Home 12/2024</marc:subfield>
   </marc:datafield>
   <marc:datafield ind1="0" ind2="0" tag="245">
      <marc:subfield code="b">ich liebe mein Zuhause!</marc:subfield>
   </marc:datafield>
   <marc:datafield ind1=" " ind2="1" tag="264">
      <marc:subfield code="a">Münster</marc:subfield>
      <marc:subfield code="b">Deutsche Medienmanufaktur Verlagsgruppe</marc:subfield>
      <marc:subfield code="c">2024</marc:subfield>
   </marc:datafield>
   <marc:datafield ind1="1" ind2=" " tag="490">
      <marc:subfield code="a">Living at home</marc:subfield>
   </marc:datafield>
   <marc:datafield ind1="1" ind2=" " tag="520">
      <marc:subfield code="a">Folgt man den Angaben des Verlags, so versteht sich die Living at Home als der Concept Store unter den Zeitschriften. Die Zeitschrift erscheint monatlich und wurde 2000 erstmals herausgegeben.&#xD;
&#xD;
Welche Inhalte bietet Living at Home?&#xD;
Die Living at Home ist in vier Ressorts unterteilt, die gleichberechtigt nebeneinander stehen. Diese lauten zu Hause, mit Gästen, im Grünen und unterwegs, lassen sich jedoch unter dem Satz alles, was das Leben schöner macht zusammenfassen. Entsprechend der Vielfalt werden Wohn– und Einrichtungsthemen präsentiert, wobei immer wieder der Blick über den sprichwörtlichen Tellerrand gewagt wird. Besonderes Augenmerk der Zeitschrift gilt dabei einem gehobenen Einrichtungsstil, der mit aufwändigen Fotos in Szene gesetzt wird. Erreicht werden soll damit das Endlich zuhause– Gefühl, wie es seitens der Redaktion formuliert wird.&#xD;
&#xD;
Wer sollte Living at Home lesen?&#xD;
Die Living at Home wendet sich an Personen, die an den schönen Dingen der Welt interessiert sind und gleichzeitig konsumfreudig sind. Der Anteil der weiblichen Leserinnen beläuft sich auf 82 Prozent, zudem überwiegt mit 53 Prozent die Gruppe der Über–50–Jährigen.&#xD;
&#xD;
Das Besondere an Living at Home&#xD;
Kennzeichnend für die Living at Home ist die durch und durch gehobene Berichterstattung und die Fokussierung auf ästhetische Dinge.&#xD;
    erscheint seit 2000&#xD;
    gleicht einem Concept Store&#xD;
    sehr stilvoll&#xD;
&#xD;
Der Verlag hinter Living at Home&#xD;
Mit der Zeitschrift Living at Home beweist der Hamburger Verlag Gruner + Jahr einmal mehr seine enorme Bandbreite. Hier erscheinen so unterschiedliche Titel wie das Kochmagazin Beef, der Klassiker Stern oder auch das etwas andere Fußballmagazin 11 Freunde.&#xD;
&#xD;
Alternativen zu Living at Home&#xD;
Living at Home – unter dieser Devise lässt sich nicht nur die Lektüre der gleichnamigen Zeitschrift begründen. Weitere Titel sind die Wohndesign sowie selbstverständlich die Schöner Wohnen, die auch noch im selben Verlag wie Living at Home erscheint.</marc:subfield>
   </marc:datafield>
   <marc:datafield ind1=" " ind2=" " tag="022">
      <marc:subfield code="a">16173589</marc:subfield>
   </marc:datafield>
   <marc:datafield ind1=" " ind2=" " tag="338">
      <marc:subfield code="a">Band</marc:subfield>
   </marc:datafield>
</marc:record>
